M is for magic / (Record no. 219532)
[ view plain ]
| 000 -LEADER | |
|---|---|
| fixed length control field | 01491cam a2200361 a 4500 |
| 001 - CONTROL NUMBER | |
| control field | 14845299 |
| 003 - CONTROL NUMBER IDENTIFIER | |
| control field | Nust |
| 005 - DATE AND TIME OF LATEST TRANSACTION | |
| control field | 20190328055254.0 |
| 008 - FIXED-LENGTH DATA ELEMENTS--GENERAL INFORMATION | |
| fixed length control field | 070510s2007 nyua j 000 1 eng |
| 010 ## - LIBRARY OF CONGRESS CONTROL NUMBER | |
| LC control number | 2007014472 |
| 020 ## - INTERNATIONAL STANDARD BOOK NUMBER | |
| International Standard Book Number | 9780747595687 |
| 035 ## - SYSTEM CONTROL NUMBER | |
| System control number | (OCoLC)ocn128235986 |
| 035 ## - SYSTEM CONTROL NUMBER | |
| System control number | (OCoLC)128235986 |
| 038 ## - RECORD CONTENT LICENSOR | |
| Staff Name | Arshad |
| 040 ## - CATALOGING SOURCE | |
| Original cataloging agency | DLC |
| Transcribing agency | DLC |
| Modifying agency | BKX |
| -- | BAKER |
| -- | BTCTA |
| -- | IEF |
| -- | DLC |
| 042 ## - AUTHENTICATION CODE | |
| Authentication code | lcac |
| -- | lcac |
| 050 00 - LIBRARY OF CONGRESS CALL NUMBER | |
| Classification number | PZ7.G1273 |
| Item number | Maal 2007 |
| 082 00 - DEWEY DECIMAL CLASSIFICATION NUMBER | |
| Classification number | 823.914 |
| Author Mark | GAI |
| 100 1# - MAIN ENTRY--PERSONAL NAME | |
| Personal name | Gaiman, Neil. |
| 9 (RLIN) | 8006 |
| 245 10 - TITLE STATEMENT | |
| Title | M is for magic / |
| Statement of responsibility, etc. | Neil Gaiman ; illustrations by Teddy Kristiansen. |
| 250 ## - EDITION STATEMENT | |
| Edition statement | 1st ed. |
| 260 ## - PUBLICATION, DISTRIBUTION, ETC. | |
| Place of publication, distribution, etc. | New York : |
| Name of publisher, distributor, etc. | HarperCollins, |
| Date of publication, distribution, etc. | 2007. |
| 300 ## - PHYSICAL DESCRIPTION | |
| Extent | xii, 249 p. : |
| Other physical details | ill. ; |
| Dimensions | 22 cm. |
| 505 0# - FORMATTED CONTENTS NOTE | |
| Formatted contents note | Instructions -- The case of the four and twenty blackbirds -- Troll bridge -- Don't ask Jack -- How to sell the Ponti Bridge -- October in the chair -- Chivalry -- The price -- How to talk to girls at parties -- Sunbird -- The witch's headstone. |
| 520 ## - SUMMARY, ETC. | |
| Summary, etc. | Eleven stories that involve strange and fantastical events. |
| 650 #0 - SUBJECT ADDED ENTRY--TOPICAL TERM | |
| Topical term or geographic name entry element | Children's stories, American. |
| 9 (RLIN) | 14020 |
| 650 #1 - SUBJECT ADDED ENTRY--TOPICAL TERM | |
| Topical term or geographic name entry element | Short stories. |
| 9 (RLIN) | 1396 |
| 700 1# - ADDED ENTRY--PERSONAL NAME | |
| Personal name | Kristiansen, Teddy H. |
| 9 (RLIN) | 14021 |
| 856 41 - ELECTRONIC LOCATION AND ACCESS | |
| Materials specified | Table of contents only |
| Uniform Resource Identifier | <a href="http://www.loc.gov/catdir/toc/ecip0717/2007014472.html">http://www.loc.gov/catdir/toc/ecip0717/2007014472.html</a> |
| 906 ## - LOCAL DATA ELEMENT F, LDF (RLIN) | |
| a | 7 |
| b | cbc |
| c | orignew |
| d | 1 |
| e | ecip |
| f | 20 |
| g | y-gencatlg |
| 942 ## - ADDED ENTRY ELEMENTS (KOHA) | |
| Source of classification or shelving scheme | |
| Koha item type | Book |
| Withdrawn status | Lost status | Source of classification or shelving scheme | Damaged status | Not for loan | Permanent Location | Current Location | Shelving location | Date acquired | Total Checkouts | Full call number | Barcode | Date last seen | Date last checked out | Copy number | Price effective from | Koha item type |
|---|---|---|---|---|---|---|---|---|---|---|---|---|---|---|---|---|
| Central Library (CL) | Central Library (CL) | Fiction | 02/13/2017 | 3 | 823.914 GAI | CL220 | 03/18/2025 | 02/04/2025 | 1 | 02/13/2017 | Book |
